Nové rozmery sponzoringu
Sponzoring spoločnosti The Coca-Cola Company (TCCC). História pôsobnosti Coca-Coly v olympiáde. Olympijská kampaň TCCC.
Uložené v:
| Médium: | Kapitola |
|---|---|
| Jazyk: | Slovak |
| Predmet: | |
| Tagy: |
Žiadne tagy, Buďte prvý, kto otaguje tento záznam!
|
MARC
| LEADER | 00000naa a2200000 4500 | ||
|---|---|---|---|
| 001 | r022421 | ||
| 005 | 20230922094038.8 | ||
| 041 | 0 | |a slo | |
| 044 | |a SK | ||
| 245 | 1 | 0 | |a Nové rozmery sponzoringu |
| 520 | |a Sponzoring spoločnosti The Coca-Cola Company (TCCC). História pôsobnosti Coca-Coly v olympiáde. Olympijská kampaň TCCC. | ||
| 610 | 2 | 0 | |a sponzorovanie |
| 610 | 2 | 0 | |a Coca-Cola Company |
| 610 | 2 | 0 | |a reklama |
| 610 | 2 | 0 | |a šport |
| 610 | 2 | 0 | |a telovýchova |
| 610 | 2 | 0 | |a Atlanta |
| 610 | 2 | 0 | |a 1996 |